vampire - Olivia Rodrigo (All Lyrics) - Statistics

General Stats
  • This quiz has been taken 5,487 times
  • The average score is 307 of 392
Answer Stats
vampire % Correct
a
98%
I
98%
you
97%
You
97%
the
95%
The
95%
me
94%
to
94%
your
92%
vampire
91%
so
90%
it
89%
do
87%
God
87%
how
87%
How
87%
Look
87%
look
87%
as
86%
As
86%
at
86%
But
86%
but
86%
like
86%
was
86%
Verse 1 Hate
85%
hate
85%
made
85%
fame
83%
know
83%
out
83%
way
83%
for
82%
fucker
82%
now
82%
love
81%
some
81%
you're
81%
You're
81%
big
80%
mistakes
80%
naive
80%
of
80%
one
80%
dry
79%
into
79%
night
79%
real
79%
teeth
79%
Bloodsucker
78%
come
78%
fine
78%
only
78%
think
78%
worst
78%
Chorus Cause
77%
cause
77%
goddamn
77%
sold
77%
about?
76%
doing
76%
give
76%
I've
76%
satisfaction
76%
smart
76%
and
75%
Verse 2 And
75%
asking
75%
care
75%
make
75%
parts
75%
strange
75%
used
75%
Bleedin'
74%
when
74%
be
73%
got
73%
oh
73%
Oh
73%
pretend
72%
known
71%
people
71%
what
71%
should've
70%
cool
69%
guy
69%
castle
68%
Just
67%
just
67%
girl
66%
lie
66%
lie?
66%
built
65%
Can't
65%
can't
65%
How's
65%
sunk
65%
that
64%
too
64%
wanted
64%
my
63%
crazy
62%
them
62%
bad
61%
said
61%
called
60%
true
60%
were
60%
ever
59%
told
59%
would
59%
never
58%
news
58%
heart
57%
loved
57%
without
57%
eyes
56%
paradise
56%
see
56%
close
55%
every
55%
had
55%
laugh
55%
stupidity
55%
truly
55%
convincing
54%
mean
54%
talked
54%
forbidden
53%
torture
53%
anyone
52%
hard?
52%
months
52%
Six
52%
diamonds
51%
flinching?
51%
gotta
51%
off
51%
wouldn't
51%
sometimes
50%
her
49%
parties
49%
age
47%
better
47%
tried
47%
up
47%
girls
46%
understand
46%
not
45%
fucked
44%
will
44%
figure
43%
help
43%
little
43%
knows
42%
thrill
42%
thing
41%
I'll
39%
mesmerizing
38%
kind
36%
paralyzing
34%
'em
28%
think's
24%
Went
23%
No matching quizzes found
Score Distribution
Percent of People with Each Score
Percentile by Number Answered
Your Score History
You have not taken this quiz